000 01307nam a2200337 a 4500
001 000113816
003 CHAP
005 20220329144414.0
008 170927s2017 mx sm |||||||spa d
010 _a110277
011 _a111249
040 _cCHAP
090 _aTesis
100 1 _aPérez Salinas, Jesús Emmanuel
_9129211
245 1 0 _aRelación entre la erosión hídrica y el grado de erosionabilidad de dos unidades de suelo del norte y centro de México
_h[En línea]
_cJesús Emmanuel Pérez Salinas.
260 _aChapingo, Méx. :
_bEl autor,
_c2017.
500 _aPara ver el contenido del material haga clic en la liga
502 _aTesis (M.C. en Recursos Naturales y Medio Ambiente en Zonas Áridas) -- UACH. Unidad Reginal Universitaria de Zonas Áridas
590 _aE6337LMJ
_b05
_c20170927
_lUCH01
_h1000
590 _aE6337LMJ
_b05
_c20170927
_lUCH01
_h1002
590 _aE6337LMJ
_b05
_c20170927
_lUCH01
_h1302
590 _aE6337LMJ
_b05
_c20170927
_lUCH01
_h1311
590 _aE6337LMJ
_b05
_c20170927
_lUCH01
_h1319
650 1 4 _aLluvia
_xMedición.
_967325
650 1 4 _aSuelos
_xAnálisis.
_9110204
650 1 4 _aSuelos
_xErosión hídrica.
_9131615
856 _aFinding aid
_uhttp://10.13.5.2/tesis/sist113816.pdf
_zTeclea aquí
901 _aBK
942 _cTESIS
942 _n0
999 _c110277
_d110277